| 000 | 00812nam a2200193 i 4500 | ||
|---|---|---|---|
| 001 | 130493 | ||
| 003 | ES-MaACL | ||
| 007 | t| | ||
| 008 | 070730s1971 sp ||||1| spa d | ||
| 100 | 1 |
_aZapatero Villalonga, Emilio. _9118016 |
|
| 245 | 1 | 0 | _aBases para una planificación sanitaria : discurso leído por... D. Emilio Zapatero Villalonga..., y contestación del... Dr. D. Emilio Zapatero Ballesteros. |
| 260 |
_a[Valladolid : _bs.n., _c1975] ( _fSever-Cuesta) |
||
| 300 |
_a170 p. ; _c24 cm + _e3 cuad. pleg. |
||
| 500 | _aPrecede al tít.: Real Academia de Medicina y Cirugía de Valladolid. | ||
| 650 | 1 | 4 |
_aSalud pública- _zEspaña. _916974 |
| 700 | 1 |
_aZapatero Ballesteros, Emilio. _9118010 |
|
| 710 | 2 |
_aReal Academia de Medicina y Cirugía de Valladolid. _96330 |
|
| 852 |
_aES-MaACL _jE-8120 _bR.92544 |
||
| 999 |
_c130493 _d130493 |
||